Phineas and Ferb - Doofenshmirtz's Inventions - Season 1 - Statistics

General Stats
  • This quiz has been taken 34 times
  • The average score is 4 of 44
Answers on the Grid
Answers color-coded by a green-red scale on the quiz's grid according to % correct below.
Magnetism Magnifier
Destruct-inator
Giant Building Robot
Deflate-inator
Age-Accelerator-inator
Slave-inator
Drill-inator
Giant Magnet
Copy-and-Paste-inator
Termite Controlling Helmet
Melt-inator 6-5000
Voice-inator
Wood-inator
Space-Laser-inator
Ice Cream Sundae Maker
Monster-Truck-Away-inator
Chinese Platypus Trap Disguised as a Monster-Truck-Locate-inator
Real Monster Truck Locate-inator
Make-Up-Your-Mind-inator
Freez-inator
World's Largest Firecracker
Poop-inator
Norm the Giant Killer Robot Man
Gloom-inator 3000-inator
Shrinkspheria
Bread-inator
Ugly-inator
Slow Motion-inator
Sandwich-Suit-Remove-inator
Media-Erase-inator
Giant Robotic Penguin Icy Freeze Your Socks Off Breath-inator Thingy
Now-Who's-Blinded-by-Sand-inator
Atomic-Leaf-Blower-inator
Flat-a-Platinator
Misbehave-inator
Steak Containment Unit
Giant Heat Ray
Blender-inator
Disintevaporator
Dance Ray
Doofania
Space Station
World's Largest Baking Soda Volcano
Inator
Washing-Machinator
Boot-inator
Wind-inator
Giant Ice Freezinator
The WOAPCWHYJ
Calculatorinator
Isles of Doof
Mars-inator
Perry-trap-inator
Tracker-inator
Explosive ray
Strawberry Popsicle-Stick Lady Norm
Flag-inator
Hide-the-Evidence-inator
Lake-Nose Monster
Desalt-Inator
Skull Island
Golf Club Finder-inator
Traffic Light Light Green-inator
Giant Fire Dragon Burn Your Pinstripe Hat Off-Inator Thingy
Baking Soda Volcano Explosion-Inator
Caffeine Ray
Slushie-Clown-Remover Helicopter
Platy-pult
Platy-pusher
Leaning Tower of Pizza
Mix and Mingle Machine
Made you look-inator
Hotdog Collection-inator
Outator
Evil Floating Baby Head Inator
Dam Deconstrucinator
Eulg
Alien Invasion-inator
Cell Tower Flight-inator
Pay up-inator
Growth inator
Desert-inator
Dessert-inator
Unextinct-Inator
Communism-Inator
Doof-topia
Rapid Fuzzy Bunny
Doofenshmirtz's Evil Complex Building
 
Answer Stats
Answer % Correct
Norm the Giant Killer Robot Man
25%
Sandwich-Suit-Remove-inator
25%
Atomic-Leaf-Blower-inator
19%
Drill-inator
19%
Gloom-inator 3000-inator
19%
Make-Up-Your-Mind-inator
19%
Melt-inator 6-5000
19%
Real Monster Truck Locate-inator
19%
Shrinkspheria
19%
World's Largest Baking Soda Volcano
19%
Chinese Platypus Trap Disguised as a Monster-Truck-Locate-inator
13%
Copy-and-Paste-inator
13%
Deflate-inator
13%
Disintevaporator
13%
Giant Magnet
13%
Giant Robotic Penguin Icy Freeze Your Socks Off Breath-inator Thingy
13%
Inator
13%
Misbehave-inator
13%
Monster-Truck-Away-inator
13%
Slow Motion-inator
13%
Termite Controlling Helmet
13%
Ugly-inator
13%
Age-Accelerator-inator
6%
Doofania
6%
Giant Heat Ray
6%
Ice Cream Sundae Maker
6%
Magnetism Magnifier
6%
Space-Laser-inator
6%
Space Station
6%
Steak Containment Unit
6%
Voice-inator
6%
Wood-inator
6%
Blender-inator
0%
Bread-inator
0%
Dance Ray
0%
Destruct-inator
0%
Flat-a-Platinator
0%
Freez-inator
0%
Giant Building Robot
0%
Media-Erase-inator
0%
Now-Who's-Blinded-by-Sand-inator
0%
Poop-inator
0%
Slave-inator
0%
World's Largest Firecracker
0%
No matching quizzes found
Score Distribution
Percent of People with Each Score
Percentile by Number Answered
Your Score History
You have not taken this quiz